[Event "Berlin-ch Seniors op 34th"]
[Site "Berlin"]
[Date "2018.02.02"]
[Round "4"]
[White "Schraepel, Manfred"]
[Black "Boettcher, Winfried"]
[Result "1-0"]
[WhiteElo "1891"]
[BlackElo "1428"]
[PlyCount "45"]
[EventDate "2018.01.30"]
[EventType "swiss"]
[EventRounds "9"]
[EventCountry "GER"]
[SourceTitle "EXT 2020"]
[Source "ChessBase"]
[SourceDate "2019.10.17"]
[SourceVersion "1"]
[SourceVersionDate "2019.10.17"]
[SourceQuality "1"]

1. e4 c5 2. Nf3 e6 3. d4 cxd4 4. Nxd4 a6 5. c4 Be7 6. Nc3 d6 7. Be2 Nf6 8. 0-0 0-0 9. Be3 Nbd7 10. f4 Nc5 11. Bf3 Qc7 12. Rc1 Ne8 13. b4 Nd7 14. a4 Ndf6 15. a5 e5 16. Nf5 Bxf5 17. exf5 Rd8 18. Bb6 Qxc4 19. Nd5 Qxf1+ 20. Kxf1 Nxd5 21. Bxd5 Rd7 22. fxe5 Bg5 23. e6 1-0

[Event "Berlin-ch Seniors op 30th"]
[Site "Berlin"]
[Date "2014.02.01"]
[Round "3"]
[White "Roloff, Karsten"]
[Black "Schraepel, Manfred"]
[Result "0-1"]
[WhiteElo "1547"]
[BlackElo "1757"]
[PlyCount "96"]
[EventDate "2014.01.30"]
[EventType "swiss"]
[EventRounds "9"]
[EventCountry "GER"]
[SourceTitle "EXT 2018"]
[Source "ChessBase"]
[SourceDate "2017.10.13"]
[SourceVersion "1"]
[SourceVersionDate "2017.10.13"]
[SourceQuality "1"]

1. d4 d5 2. c4 e6 3. Nf3 Nf6 4. Nc3 Be7 5. Bg5 Nbd7 6. cxd5 exd5 7. e3 c6 8. Bd3 0-0 9. Qc2 Re8 10. 0-0 Nf8 11. Rab1 Bg4 12. Ne5 Bh5 13. b4 a6 14. a4 Ng4 15. Bxe7 Rxe7 16. Nxg4 Bxg4 17. h3 Bh5 18. a5 Bg6 19. Bxg6 Nxg6 20. Na4 Rb8 21. Qc5 Nf8 22. Nb6 Nd7 23. Nxd7 Qxd7 24. Rfc1 Rbe8 25. Qc3 f5 26. Re1 Qd6 27. g3 Qh6 28. Kg2 Re6 29. Rb2 Qh5 30. Rbe2 Rh6 31. h4 f4 32. e4 dxe4 33. Rxe4 Qd5 34. Qf3 Rxe4 35. Rxe4 Rf6 36. Rxf4 Rxf4 37. Qxd5+ cxd5 38. gxf4 Kf7 39. Kf3 Kg6 40. Kg3 h5 41. Kf3 Kf5 42. Ke3 Kg4 43. f3+ Kf5 44. Kf2 Kxf4 45. Ke2 g5 46. hxg5 Kxg5 47. Ke3 Kf5 48. Kf2 Kf4 0-1

[Event "Berlin Lichtenberger op 12th"]
[Site "Berlin"]
[Date "2013.08.17"]
[Round "1"]
[White "Schraepel, Manfred"]
[Black "Stark, Ingo"]
[Result "0-1"]
[WhiteElo "1903"]
[BlackElo "2134"]
[PlyCount "158"]
[EventDate "2013.08.17"]
[EventType "swiss"]
[EventRounds "9"]
[EventCountry "GER"]
[SourceTitle "CBM 156 Extra"]
[Source "ChessBase"]
[SourceDate "2013.10.22"]
[SourceVersion "1"]
[SourceVersionDate "2013.10.22"]
[SourceQuality "1"]

1. d4 b5 2. Nf3 Bb7 3. e3 a6 4. Bd3 Nf6 5. Nbd2 e6 6. 0-0 c5 7. c3 Qb6 8. Re1 Nc6 9. a3 Be7 10. b4 d6 11. bxc5 dxc5 12. Rb1 0-0 13. Bb2 c4 14. Bf1 Nd5 15. Ba1 Qc7 16. e4 Nb6 17. Qc1 Rab8 18. g3 Rfd8 19. Bg2 Bf8 20. Bb2 Rbc8 21. Qc2 Ne7 22. Bc1 Na4 23. Ra1 Qa5 24. Nb1 Nc6 25. Be3 Nb8 26. Rd1 Nd7 27. Bf4 h6 28. h4 Nf6 29. Ne5 Bd6 30. Bf3 Bf8 31. Kg2 Nd7 32. Ng4 Be7 33. Ra2 Nf8 34. Be3 Ng6 35. Bd2 Bf8 36. Be3 Ne7 37. Rh1 f6 38. Bd2 Bc6 39. Ne3 Qc7 40. Re1 Qb7 41. Nf1 Kh8 42. Nh2 Ng8 43. Re3 Qf7 44. Kg1 h5 45. Qd1 g6 46. Bg2 a5 47. f4 Qb7 48. Re2 f5 49. Qe1 Kg7 50. e5 Ne7 51. Nf1 Bxg2 52. Rxg2 Nd5 53. Ne3 Nab6 54. Nxd5 Nxd5 55. Rb2 Qc6 56. Qe2 Rd7 57. Kf2 Rb7 58. Rg1 Be7 59. Rc1 Rcc7 60. Be1 Rc8 61. Ra2 Qe8 62. Qf3 Rcc7 63. Bd2 b4 64. axb4 axb4 65. cxb4 Bxb4 66. Nc3 Bxc3 67. Bxc3 Rb3 68. Rac2 Ra7 69. Qe2 Ra4 70. Qd2 Qb5 71. Qe1 Raa3 72. Qd2 Qb6 73. Ke2 Qb7 74. Kf2 Rb1 75. Bb2 Rxc1 76. Bxa3 Rh1 77. Rb2 Qc6 78. Qa5 Ne7 79. Rb6 Rh2+ 0-1

[Event "Berlin-ch Seniors op 26th"]
[Site "Berlin"]
[Date "2010.02.12"]
[Round "4"]
[White "Schraepel, Manfred"]
[Black "Kornath, Heinrich"]
[Result "0-1"]
[WhiteElo "1674"]
[BlackElo "1854"]
[PlyCount "78"]
[EventDate "2010.02.09"]
[EventType "swiss"]
[EventRounds "9"]
[EventCountry "GER"]
[SourceTitle "EXT 2012"]
[Source "ChessBase"]
[SourceDate "2011.11.24"]
[SourceVersion "1"]
[SourceVersionDate "2011.11.24"]
[SourceQuality "1"]

1. d4 Nf6 2. c4 c5 3. d5 e6 4. Nc3 exd5 5. cxd5 Bd6 6. Nf3 0-0 7. Bg5 h6 8. Bxf6 Qxf6 9. Ne4 Qe7 10. Nxd6 Qxd6 11. e3 Na6 12. Bc4 Nc7 13. a4 Re8 14. 0-0 b6 15. Qd3 Qf6 16. d6 Ne6 17. Bd5 Rb8 18. Rab1 Bb7 19. Bxb7 Rxb7 20. Rfd1 Nd8 21. b4 cxb4 22. Rxb4 Nc6 23. Rc4 Re6 24. h3 Rb8 25. Rf4 Qg6 26. Qd2 b5 27. Rg4 Qh5 28. Qc3 Rg6 29. Rxg6 Qxg6 30. axb5 Rxb5 31. Qc4 Rb1 32. Rxb1 Qxb1+ 33. Kh2 Qb8 34. Qc5 a5 35. Nd4 Nxd4 36. exd4 a4 37. Qc7 Qb5 38. Qc5 Qxc5 39. dxc5 Kf8 0-1

[Event "Berlin-ch Seniors op 25th"]
[Site "Berlin"]
[Date "2009.02.20"]
[Round "9"]
[White "Schraepel, Manfred"]
[Black "Casny, Guenter"]
[Result "1/2-1/2"]
[WhiteElo "1725"]
[BlackElo "1877"]
[PlyCount "144"]
[EventDate "2009.02.12"]
[EventType "swiss"]
[EventRounds "9"]
[EventCountry "GER"]
[SourceTitle "EXT 2022"]
[Source "ChessBase"]
[SourceDate "2021.10.06"]
[SourceVersion "1"]
[SourceVersionDate "2021.10.06"]
[SourceQuality "1"]

1. Nf3 c5 2. c4 Nc6 3. Nc3 g6 4. g3 Bg7 5. Bg2 Nf6 6. 0-0 0-0 7. d3 d5 8. cxd5 Nxd5 9. Nxd5 Qxd5 10. Nd2 Qd7 11. Ne4 b6 12. Nc3 Bb7 13. Bd2 Rfd8 14. Bf4 Rac8 15. Rc1 Nb4 16. Bxb7 Qxb7 17. Qb3 Nd5 18. Nxd5 Qxd5 19. Qxd5 Rxd5 20. Rc2 e5 21. Be3 Re8 22. f3 h5 23. h4 f5 24. Bg5 Rd7 25. b3 Kh7 26. Kg2 Bh6 27. Bxh6 Kxh6 28. f4 e4 29. dxe4 Rxe4 30. Kf2 Kg7 31. Rb1 a5 32. Rbb2 Kf6 33. Rd2 Red4 34. Rxd4 Rxd4 35. e3 Rd7 36. Rc2 Ke6 37. Ke2 Rd5 38. a4 Kd6 39. Rc4 Kc6 40. e4 fxe4 41. Rxe4 Rd6 42. Re5 b5 43. f5 bxa4 44. bxa4 gxf5 45. Rxf5 Rd4 46. Rxh5 Rxa4 47. Rg5 Rd4 48. h5 a4 49. h6 Rd8 50. h7 Rh8 51. Rh5 a3 52. Rh1 a2 53. Ra1 Rxh7 54. Kd3 Kd5 55. Rxa2 Rh3 56. Rg2 c4+ 57. Kc3 Kc5 58. Rg1 Rh8 59. Rf1 Rh5 60. Rf3 Rg5 61. Re3 Kd5 62. Rf3 Rg4 63. Re3 Rd4 64. Rf3 Rg4 65. Re3 Kd6 66. Kc2 Rg6 67. Kc3 Kd5 68. Rf3 Re6 69. Rf5+ Re5 70. g4 Rxf5 71. gxf5 Ke5 72. Kxc4 Kxf5 1/2-1/2

[Event "Berlin-ch Seniors op 25th"]
[Site "Berlin"]
[Date "2009.02.18"]
[Round "7"]
[White "Schraepel, Manfred"]
[Black "Zum Winkel, Wolfgang"]
[Result "1/2-1/2"]
[WhiteElo "1725"]
[BlackElo "1891"]
[PlyCount "58"]
[EventDate "2009.02.12"]
[EventType "swiss"]
[EventRounds "9"]
[EventCountry "GER"]
[SourceTitle "EXT 2022"]
[Source "ChessBase"]
[SourceDate "2021.10.06"]
[SourceVersion "1"]
[SourceVersionDate "2021.10.06"]
[SourceQuality "1"]

1. Nf3 d5 2. d4 Bf5 3. Bf4 e6 4. e3 Nd7 5. Nbd2 Ngf6 6. a3 Be7 7. Be2 h6 8. h3 Rc8 9. c4 c5 10. Qa4 a6 11. dxc5 Bxc5 12. b4 Be7 13. c5 0-0 14. 0-0 Ne4 15. Nxe4 Bxe4 16. Rfd1 Bf6 17. Ra2 e5 18. Bg3 Re8 19. Nd2 Bf5 20. e4 dxe4 21. Nxe4 Bxe4 22. Qxd7 Bc6 23. Qg4 Qe7 24. Bc4 Rcd8 25. Qe2 Ba4 26. Rxd8 Rxd8 27. Rd2 Rxd2 28. Qxd2 Qd7 29. Qxd7 Bxd7 1/2-1/2

[Event "Berlin-ch Seniors op 25th"]
[Site "Berlin"]
[Date "2009.02.16"]
[Round "5"]
[White "Schraepel, Manfred"]
[Black "Kohlmeyer, Dagobert"]
[Result "1-0"]
[WhiteElo "1725"]
[BlackElo "1940"]
[PlyCount "149"]
[EventDate "2009.02.12"]
[EventType "swiss"]
[EventRounds "9"]
[EventCountry "GER"]
[SourceTitle "EXT 2022"]
[Source "ChessBase"]
[SourceDate "2021.10.06"]
[SourceVersion "1"]
[SourceVersionDate "2021.10.06"]
[SourceQuality "1"]

1. Nf3 Nf6 2. c4 g6 3. g3 Bg7 4. Bg2 0-0 5. Nc3 d5 6. cxd5 Nxd5 7. 0-0 c5 8. Nxd5 Qxd5 9. d3 Nc6 10. Nd2 Qd7 11. a4 Qc7 12. Nc4 e5 13. Bd2 Be6 14. Rc1 Rad8 15. Ne3 Nd4 16. Nc4 b6 17. b4 Bxc4 18. Rxc4 Ne6 19. Be3 Qd6 20. bxc5 bxc5 21. Qc2 Rd7 22. Bxc5 Nxc5 23. Rxc5 Rb8 24. Rc1 Qe7 25. Qa2 Bf8 26. Rb5 Rbd8 27. a5 h5 28. h4 Kg7 29. a6 Qa3 30. Qxa3 Bxa3 31. Rc3 Bd6 32. Bd5 Kf6 33. Kg2 Ke7 34. e3 Bc7 35. Bc4 Bb6 36. Rxe5+ Kf8 37. Bb5 Rc7 38. Rxc7 Bxc7 39. Rc5 Bb6 40. Rc6 Ke7 41. Kf3 Ba5 42. Bc4 Bb6 43. d4 Rd7 44. Ke4 Ba5 45. Rc5 Bb6 46. Rc8 Bd8 47. Kd3 Bb6 48. Bb5 Rd6 49. Re8+ Kf6 50. Bc4 Rd7 51. Re5 Rd8 52. f4 Rd7 53. Ke4 Bc7 54. Re8 Bd8 55. Bd5 Ba5 56. Bb7 Bb6 57. Re5 Rc7 58. Rb5 Re7+ 59. Kd3 Bc7 60. e4 Ke6 61. d5+ Kd7 62. e5 Bb8 63. Rc5 Bxe5 64. fxe5 Rxe5 65. Bc6+ Kd6 66. Rb5 Re1 67. Rb7 Rg1 68. Kd4 Rd1+ 69. Ke4 f5+ 70. Kf4 Rd4+ 71. Kf3 Rd3+ 72. Kg2 Rd2+ 73. Kh3 Rd3 74. Rxa7 f4 75. Rd7+ 1-0

[Event "Berlin-ch Seniors op 25th"]
[Site "Berlin"]
[Date "2009.02.15"]
[Round "4"]
[White "Koeckeritz, Dieter"]
[Black "Schraepel, Manfred"]
[Result "1/2-1/2"]
[WhiteElo "1857"]
[BlackElo "1725"]
[PlyCount "73"]
[EventDate "2009.02.12"]
[EventType "swiss"]
[EventRounds "9"]
[EventCountry "GER"]
[SourceTitle "EXT 2022"]
[Source "ChessBase"]
[SourceDate "2021.10.06"]
[SourceVersion "1"]
[SourceVersionDate "2021.10.06"]
[SourceQuality "1"]

1. d4 d5 2. Bf4 Bf5 3. e3 e6 4. Bd3 Bxd3 5. Qxd3 c6 6. Nf3 Nf6 7. Nbd2 Bd6 8. Bxd6 Qxd6 9. 0-0 Nbd7 10. c4 0-0 11. Rac1 a5 12. c5 Qc7 13. Rfe1 e5 14. dxe5 Nxe5 15. Qc3 Nxf3+ 16. Nxf3 Rfe8 17. h3 Ne4 18. Qd4 Re6 19. Rc2 f5 20. Nd2 Nf6 21. f3 Rae8 22. Nf1 f4 23. Rce2 Kf8 24. Qd3 b6 25. Qd4 b5 26. a3 a4 27. Kf2 fxe3+ 28. Rxe3 Rxe3 29. Rxe3 Rxe3 30. Nxe3 Ke7 31. Nf5+ Kf8 32. Nd6 Qe7 33. Qf4 g6 34. g4 Kg7 35. Qg5 Qe6 36. Nf5+ Kf7 37. Nd6+ 1/2-1/2

[Event "Berlin-ch Seniors op 25th"]
[Site "Berlin"]
[Date "2009.02.12"]
[Round "1"]
[White "Schraepel, Manfred"]
[Black "Alder, Bodo"]
[Result "1/2-1/2"]
[WhiteElo "1725"]
[BlackElo "2094"]
[PlyCount "129"]
[EventDate "2009.02.12"]
[EventType "swiss"]
[EventRounds "9"]
[EventCountry "GER"]
[SourceTitle "EXT 2022"]
[Source "ChessBase"]
[SourceDate "2021.10.06"]
[SourceVersion "1"]
[SourceVersionDate "2021.10.06"]
[SourceQuality "1"]

1. Nf3 Nf6 2. d4 g6 3. g3 Bg7 4. Bg2 d6 5. 0-0 Nbd7 6. Nbd2 0-0 7. e4 e5 8. c3 h6 9. Qc2 Re8 10. b4 c6 11. dxe5 Nxe5 12. Nxe5 dxe5 13. Nb3 Qc7 14. h3 Be6 15. c4 b6 16. Be3 Rad8 17. Rfd1 Nd7 18. Rac1 c5 19. b5 Nf8 20. f4 exf4 21. gxf4 Qc8 22. Kh2 Qc7 23. Kh1 Bc8 24. e5 Bf5 25. Qf2 Rxd1+ 26. Rxd1 Rd8 27. Rxd8 Qxd8 28. Qd2 Qc8 29. Kh2 Ne6 30. Qd5 g5 31. fxg5 hxg5 32. Nd2 Qc7 33. Nf3 g4 34. hxg4 Bxg4 35. Qa8+ Kh7 36. Kg1 Bxf3 37. Bxf3 Qxe5 38. Qe4+ Kg8 39. Qxe5 Bxe5 40. Kf1 f5 41. Bd2 Kf7 42. a4 Ke7 43. a5 Kd6 44. axb6 axb6 45. Bb7 Kc7 46. Bd5 Kd6 47. Kf2 Nc7 48. Bb7 Ne6 49. Bc8 Nd4 50. Bb7 f4 51. Be4 Ne6 52. Bd5 Ng5 53. Ke2 Ke7 54. Be1 Nh7 55. Kf3 Kd6 56. Bd2 Nf6 57. Bc6 Nh5 58. Be8 Ng7 59. Bf7 Nf5 60. Bxf4 Nd4+ 61. Ke4 Bxf4 62. Kxf4 Ke7 63. Bg8 Kd6 64. Bf7 Ne2+ 65. Kf5 1/2-1/2

[Event "Berlin Lichtenberger Sommer 3th"]
[Site "Berlin"]
[Date "2004.08.17"]
[Round "4.53"]
[White "Schraepel, Manfred"]
[Black "Oginski, Ulrich"]
[Result "1/2-1/2"]
[WhiteElo "1702"]
[BlackElo "1882"]
[PlyCount "54"]
[EventDate "2004.08.14"]
[EventType "swiss"]
[EventRounds "9"]
[EventCountry "GER"]
[SourceTitle "EXT 2022"]
[Source "ChessBase"]
[SourceDate "2021.10.06"]
[SourceVersion "1"]
[SourceVersionDate "2021.10.06"]
[SourceQuality "1"]

1. d4 Nf6 2. Nf3 e6 3. e3 c5 4. Bd3 b6 5. Qe2 cxd4 6. exd4 Bb7 7. 0-0 Be7 8. Bg5 0-0 9. Nbd2 Nc6 10. c3 Rc8 11. Bxf6 Bxf6 12. Ne4 Be7 13. Rfe1 d6 14. Rad1 Re8 15. Qd2 Nb8 16. Neg5 h6 17. Bh7+ Kf8 18. Ne4 Nd7 19. Qf4 Nf6 20. Nxf6 Bxf6 21. Bd3 Kg8 22. Qg4 a6 23. Re3 b5 24. a3 Bxf3 25. Rxf3 d5 26. Rh3 Kf8 27. f4 Qb6 1/2-1/2

[Event "Berlin Lichtenberger Sommer 3th"]
[Site "Berlin"]
[Date "2004.08.16"]
[Round "3.48"]
[White "Mattes, Heinz"]
[Black "Schraepel, Manfred"]
[Result "1-0"]
[WhiteElo "1939"]
[BlackElo "1702"]
[PlyCount "83"]
[EventDate "2004.08.14"]
[EventType "swiss"]
[EventRounds "9"]
[EventCountry "GER"]
[SourceTitle "EXT 2022"]
[Source "ChessBase"]
[SourceDate "2021.10.06"]
[SourceVersion "1"]
[SourceVersionDate "2021.10.06"]
[SourceQuality "1"]

1. c4 c5 2. Nc3 Nc6 3. Nf3 Nf6 4. g3 b6 5. Bg2 Bb7 6. 0-0 e6 7. e4 d6 8. d4 cxd4 9. Nxd4 Nxd4 10. Qxd4 Qc7 11. b3 Be7 12. Ba3 0-0 13. Rad1 Rfd8 14. h3 Ne8 15. Qe3 Bf6 16. Nb5 Qc6 17. Nd4 Qc7 18. Nb5 Qc6 19. Rd2 a6 20. Nd4 Qc7 21. Rfd1 Rac8 22. g4 h6 23. Qg3 Bxd4 24. Rxd4 e5 25. R4d2 Rd7 26. Qe3 Rcd8 27. Bf1 Qc6 28. f3 Nc7 29. b4 b5 30. Rc1 bxc4 31. Rxc4 Qa4 32. b5 Qa5 33. Bb4 Qxb5 34. a4 Qxa4 35. Bxd6 Qxc4 36. Bxc4 Rxd6 37. Rxd6 Rxd6 38. Qa7 Rc6 39. Qb8+ Kh7 40. Bxf7 Rc1+ 41. Kf2 Rc2+ 42. Kg3 1-0

[Event "Berlin SF Neukoelln op 3rd"]
[Site "Berlin"]
[Date "2004.03.19"]
[Round "7"]
[White "Schiller, Stephan"]
[Black "Schraepel, Manfred"]
[Result "0-1"]
[WhiteElo "1710"]
[BlackElo "1801"]
[PlyCount "80"]
[EventDate "2004.02.07"]
[EventType "swiss"]
[EventRounds "7"]
[EventCountry "GER"]
[SourceTitle "EXT 2022"]
[Source "ChessBase"]
[SourceDate "2021.10.06"]
[SourceVersion "1"]
[SourceVersionDate "2021.10.06"]
[SourceQuality "1"]

1. d4 d5 2. c4 c6 3. cxd5 cxd5 4. Nf3 Nf6 5. e3 Nc6 6. Be2 Bg4 7. Bd2 e6 8. Nc3 Bd6 9. h3 Bh5 10. Qb3 Qe7 11. Nb5 Bb8 12. a3 a5 13. Nc3 0-0 14. Bd3 Bg6 15. Bb5 Ne4 16. Bc1 Qf6 17. Nxe4 Bxe4 18. Be2 Ra7 19. Bd2 Qe7 20. Bc3 f6 21. Qd1 Bd6 22. Bd3 e5 23. Bxe4 dxe4 24. Nd2 exd4 25. exd4 e3 26. Nf3 Re8 27. fxe3 Qxe3+ 28. Kf1 Bg3 29. Be1 Bxe1 30. Nxe1 Nxd4 31. h4 Qf4+ 32. Nf3 Nxf3 33. gxf3 Qc4+ 34. Kf2 Qc5+ 35. Kg2 b5 36. Rc1 Qh5 37. Qb3+ Qf7 38. Qxb5 Rb7 39. Qxa5 Rxb2+ 40. Kg3 Qg6+ 0-1